Municipis de Catalunya per fronteres - Statistics

General Stats
  • This quiz has been taken 429 times
  • The average score is 361 of 947
Answers on the Map
Answers color-coded by a green-red scale on the quiz's map according to % correct below.
 
Answer Stats
Municipis % Correct
Barcelona
92%
Cerdanyola del Vallès
92%
El Prat de Llobregat
92%
L'Hospitalet de Llobregat
92%
Montcada i Reixac
92%
Santa Coloma de Gramenet
92%
Sant Adrià de Besòs
92%
Sant Cugat del Vallès
92%
Sant Julià de Ramis
92%
Torregrossa
92%
Albatàrrec
88%
Alcarràs
88%
Alcoletge
88%
Alfés
88%
Almacelles
88%
Alpicat
88%
Artesa de Lleida
88%
Aspa
88%
Bell-lloc d'Urgell
88%
Celrà
88%
Constantí
88%
Corbins
88%
Els Alamús
88%
Esplugues de Llobregat
88%
Fornells de la Selva
88%
Gimenells i el Pla de la Font
88%
Girona
88%
Juià
88%
La Canonja
88%
Lleida
88%
Molins de Rei
88%
Montoliu de Lleida
88%
Quart
88%
Reus
88%
Salt
88%
Sant Feliu de Llobregat
88%
Sant Gregori
88%
Sant Just Desvern
88%
Sarrià de Ter
88%
Sudanell
88%
Tarragona
88%
Torrefarrera
88%
Torre-serona
88%
Vilablareix
88%
Vila-seca
88%
Alp
85%
Amposta
85%
Canejan
85%
Castell de Mur
85%
Gurb
85%
L'Aldea
85%
Les Llosses
85%
Muntanyola
85%
Ogassa
85%
Peralada
85%
Santa Maria de Besora
85%
Sant Esteve de la Sarga
85%
Sant Joan de les Abadesses
85%
Vilamòs
85%
Altafulla
81%
Bausen
81%
Bossòst
81%
Campdevànol
81%
Conca de Dalt
81%
Deltebre
81%
El Pont de Suert
81%
Folgueroles
81%
Fontanals de Cerdanya
81%
Gavet de la Conca
81%
Igualada
81%
Jorba
81%
La Riera de Gaià
81%
Les
81%
Malla
81%
Masdenverge
81%
Òdena
81%
Puigcerdà
81%
Ripoll
81%
Sant Bartomeu del Grau
81%
Tortosa
81%
Vic
81%
Vilanova del Camí
81%
Cabanes
77%
Calldetenes
77%
Dosrius
77%
El Catllar
77%
Els Pallaresos
77%
Figueres
77%
Freginals
77%
Isona i Conca Dellà
77%
La Vall de Bianya
77%
La Vall d'en Bas
77%
Santa Eugènia de Berga
77%
Santa Eulàlia de Riuprimer
77%
Santa Margarida de Montbui
77%
Sant Jaume d'Enveja
77%
Talarn
77%
Tremp
77%
Vallfogona de Ripollès
77%
Vidrà
77%
Vilabertran
77%
Vilafant
77%
Vila-sacra
77%
Argentona
73%
Bolvir
73%
Camarles
73%
Cercs
73%
El Far d'Empordà
73%
Espot
73%
Guils de Cerdanya
73%
La Ràpita
73%
Les Valls de Valira
73%
Llers
73%
Lloret de Mar
73%
Salàs de Pallars
73%
Santa Pau
73%
Sant Fruitós de Bages
73%
Tordera
73%
Bagà
69%
Blanes
69%
Castellar del Riu
69%
El Port de la Selva
69%
Els Plans de Sió
69%
El Vendrell
69%
Les Preses
69%
Maçanet de la Selva
69%
Olot
69%
Riudaura
69%
Sant Joan de Vilatorrada
69%
Sant Joan les Fonts
69%
Sant Vicenç de Castellet
69%
Vilalba dels Arcs
69%
Alfara de Carles
65%
Batea
65%
Begues
65%
Benissanet
65%
Bot
65%
Cabrera de Mar
65%
Camarasa
65%
Capolat
65%
Castelldefels
65%
Castellgalí
65%
Castelló d'Empúries
65%
El Perelló
65%
El Pont de Vilomara i Rocafort
65%
Figuerola del Camp
65%
Fonollosa
65%
Gandesa
65%
Gavà
65%
La Roca del Vallès
65%
La Sénia
65%
Manresa
65%
Mataró
65%
Montblanc
65%
Montferrer i Castellbò
65%
Olvan
65%
Os de Balaguer
65%
Prat de Comte
65%
Rajadell
65%
Roses
65%
Sabadell
65%
Sant Andreu de Llavaneres
65%
Sant Pere de Ribes
65%
Sant Salvador de Guardiola
65%
Sitges
65%
Terrassa
65%
Torroella de Montgrí
65%
Tossa de Mar
65%
Valls
65%
Albinyana
62%
Avià
62%
Baix Pallars
62%
Berga
62%
Calafell
62%
Castellar del Vallès
62%
Corbera d'Ebre
62%
El Pinell de Brai
62%
Estamariu
62%
Forallac
62%
L'Aleixar
62%
La Riba
62%
La Selva del Camp
62%
La Torre de Cabdella
62%
Menàrguens
62%
Palau-saverdera
62%
Riudoms
62%
Roquetes
62%
Santa Bàrbara
62%
Sant Feliu de Buixalleu
62%
Sant Quirze del Vallès
62%
Soriguera
62%
Torrefeta i Florejacs
62%
Vallfogona de Balaguer
62%
Vilaller
62%
Alcover
58%
Aldover
58%
Almoster
58%
Balaguer
58%
Begur
58%
Bellcaire d'Urgell
58%
Bellvei
58%
Cadaqués
58%
Castellar de n'Hug
58%
Castelló de Farfanya
58%
Cervià de les Garrigues
58%
El Pla de Santa Maria
58%
Fogars de la Selva
58%
La Masó
58%
La Seu d'Urgell
58%
Lladurs
58%
Mura
58%
Navàs
58%
Olius
58%
Pals
58%
Regencós
58%
Rialp
58%
Santa Oliva
58%
Santa Perpètua de Mogoda
58%
Sentmenat
58%
Solsona
58%
Sort
58%
Tivenys
58%
Vacarisses
58%
Vallmoll
58%
Vidreres
58%
Viladecavalls
58%
Alàs i Cerc
54%
Alió
54%
Avinyó
54%
Barberà de la Conca
54%
Barberà del Vallès
54%
Bellmunt del Priorat
54%
Castellvell del Camp
54%
Cruïlles, Monells i Sant Sadurní de l'Heura
54%
Cubells
54%
Das
54%
El Milà
54%
Estaràs
54%
Falset
54%
Fontanilles
54%
Granyanella
54%
Granyena de Segarra
54%
Gratallops
54%
La Granada
54%
Les Borges Blanques
54%
Les Franqueses del Vallès
54%
Llívia
54%
Miralcamp
54%
Naut Aran
54%
Olivella
54%
Polinyà
54%
Porrera
54%
Pradell de la Teixeta
54%
Puigpelat
54%
Queralbs
54%
Ribera d'Urgellet
54%
Ribes de Freser
54%
Rubí
54%
Sant Celoni
54%
Sant Esteve Sesrovires
54%
Sant Mateu de Bages
54%
Térmens
54%
Tornabous
54%
Toses
54%
Vielha e Mijaran
54%
Vilallonga de Ter
54%
Vilanova del Vallès
54%
Alcanar
50%
Anglesola
50%
Arbúcies
50%
Badia del Vallès
50%
Barbens
50%
Bellver de Cerdanya
50%
Castelldans
50%
Castellet i la Gornal
50%
Cervera
50%
Cornellà del Terri
50%
El Masroig
50%
Fontcoberta
50%
Garcia
50%
Godall
50%
Guardiola de Berguedà
50%
Juneda
50%
La Bisbal del Penedès
50%
L'Ampolla
50%
La Selva de Mar
50%
La Sentiu de Sió
50%
L'Espluga de Francolí
50%
L'Esquirol
50%
Manlleu
50%
Marçà
50%
Mas de Barberans
50%
Móra d'Ebre
50%
Oliola
50%
Ossó de Sió
50%
Palafrugell
50%
Puiggròs
50%
Puigverd d'Agramunt
50%
Santa Cristina d'Aro
50%
Sant Cebrià de Vallalta
50%
Sant Ramon
50%
Sant Sadurní d'Anoia
50%
Tàrrega
50%
Tarroja de Segarra
50%
Torrent
50%
Ullastrell
50%
Ulldecona
50%
Vimbodí i Poblet
50%
Abrera
46%
Banyoles
46%
Canovelles
46%
Cardona
46%
Castellbisbal
46%
Castellví de Rosanes
46%
Cervelló
46%
Cubelles
46%
Fogars de Montclús
46%
Granollers
46%
Isòvol
46%
La Galera
46%
La Guingueta d'Àneu
46%
La Jonquera
46%
L'Albi
46%
Les Masies de Roda
46%
Les Oluges
46%
Lliçà d'Amunt
46%
Lliçà de Vall
46%
Montellà i Martinet
46%
Montgat
46%
Montmeló
46%
Montoliu de Segarra
46%
Montornès del Vallès
46%
Mont-ral
46%
Olèrdola
46%
Palafolls
46%
Pardines
46%
Parets del Vallès
46%
Pinós
46%
Planoles
46%
Porqueres
46%
Ribera d'Ondara
46%
Riells i Viabrea
46%
Riudarenes
46%
Roda de Berà
46%
Santa Margarida i els Monjos
46%
Sant Llorenç d'Hortons
46%
Senterada
46%
Seva
46%
Subirats
46%
Tiana
46%
Vilagrassa
46%
Vila-sana
46%
Vilaverd
46%
Agullana
42%
Alins
42%
Alt Àneu
42%
Artesa de Segre
42%
Badalona
42%
Blancafort
42%
Bonastre
42%
Calders
42%
Caldes de Malavella
42%
Calonge de Segarra
42%
Cambrils
42%
Campelles
42%
Capmany
42%
Castellcir
42%
Colera
42%
Collsuspina
42%
Corçà
42%
El Brull
42%
Els Hostalets de Pierola
42%
Es Bòrdes
42%
Farrera
42%
Fondarella
42%
Gelida
42%
Horta de Sant Joan
42%
La Bisbal d'Empordà
42%
La Vall de Boí
42%
Les Masies de Voltregà
42%
Llagostera
42%
Masllorenç
42%
Matadepera
42%
Mollerussa
42%
Monistrol de Calders
42%
Navès
42%
Pira
42%
Prats i Sansor
42%
Santa Coloma de Farners
42%
Sils
42%
Tírvia
42%
Tivissa
42%
Torelló
42%
Vall de Cardós
42%
Vandellòs i l'Hospitalet de l'Infant
42%
Verdú
42%
Vinaixa
42%
Viver i Serrateix
42%
Agramunt
38%
Ascó
38%
Bellcaire d'Empordà
38%
Calaf
38%
Castellnou de Bages
38%
Castellterçol
38%
Coll de Nargó
38%
Cornellà de Llobregat
38%
El Palau d'Anglesola
38%
Els Prats de Rei
38%
Flix
38%
Garrigàs
38%
Gisclareny
38%
Golmés
38%
La Cellera de Ter
38%
La Fatarella
38%
La Floresta
38%
Les Planes d'Hostoles
38%
L'Estany
38%
Llanars
38%
Lles de Cerdanya
38%
Malgrat de Mar
38%
Meranges
38%
Moià
38%
Montmajor
38%
Mont-roig del Camp
38%
Móra la Nova
38%
Odèn
38%
Pacs del Penedès
38%
Pau
38%
Perafita
38%
Piera
38%
Pineda de Mar
38%
Portbou
38%
Prats de Lluçanès
38%
Pujalt
38%
Riu de Cerdanya
38%
Rodonyà
38%
Santa Maria de Palautordera
38%
Santa Maria d'Oló
38%
Sant Aniol de Finestres
38%
Sant Climent Sescebes
38%
Sant Cugat Sesgarrigues
38%
Sant Hilari Sacalm
38%
Sant Martí d'Albars
38%
Sant Martí de Llémena
38%
Sant Martí Sesgueioles
38%
Sarroca de Bellera
38%
Susqueda
38%
Torrelavit
38%
Ullastret
38%
Viladrau
38%
Vilafranca del Penedès
38%
Amer
35%
Arbeca
35%
Balsareny
35%
Banyeres del Penedès
35%
Bescanó
35%
Calonge i Sant Antoni
35%
Camprodon
35%
Caseres
35%
Cassà de la Selva
35%
Clariana de Cardener
35%
El Masnou
35%
El Montmell
35%
Espolla
35%
Esterri d'Àneu
35%
Esterri de Cardós
35%
Fígols i Alinyà
35%
Gaià
35%
L'Ametlla de Mar
35%
La Pobla de Segur
35%
Les Cabanyes
35%
Lladorre
35%
Llavorsí
35%
Llinars del Vallès
35%
Martorell
35%
Molló
35%
Montagut i Oix
35%
Montbrió del Camp
35%
Montseny
35%
Navarcles
35%
Palau-sator
35%
Pratdip
35%
Prullans
35%
Riner
35%
Sallent
35%
Salou
35%
Sant Andreu de la Barca
35%
Sant Boi de Llobregat
35%
Sant Fost de Campsentelles
35%
Sant Iscle de Vallalta
35%
Sant Jaume dels Domenys
35%
Sant Julià del Llor i Bonmatí
35%
Sant Pere de Torelló
35%
Sant Pere de Vilamajor
35%
Sant Pere Sallavinera
35%
Súria
35%
Taradell
35%
Urús
35%
Vallgorguina
35%
Viladecans
35%
Vilajuïga
35%
Vilobí d'Onyar
35%
Àger
31%
Alella
31%
Arres
31%
Borrassà
31%
Cabrils
31%
Cantallops
31%
Canyelles
31%
Castellolí
31%
Cunit
31%
Foradada
31%
Fortià
31%
Ger
31%
Gualba
31%
La Fuliola
31%
La Llacuna
31%
Les Avellanes i Santa Linya
31%
L'Escala
31%
Llançà
31%
Margalef
31%
Massanes
31%
Massoteres
31%
Mont-ras
31%
Oristà
31%
Osor
31%
Pedret i Marzà
31%
Preixens
31%
Rabós
31%
Saldes
31%
Sant Antoni de Vilamajor
31%
Sant Boi de Lluçanès
31%
Sant Climent de Llobregat
31%
Sant Pau de Segúries
31%
Sant Pere Pescador
31%
Setcases
31%
Tagamanent
31%
Vallirana
31%
Vilademuls
31%
Vilanova i la Geltrú
31%
Vilassar de Dalt
31%
Vinebre
31%
Aiguafreda
27%
Aiguamúrcia
27%
Alpens
27%
Artés
27%
Avinyonet del Penedès
27%
Bassella
27%
Bellaguarda
27%
Beuda
27%
Brunyola i Sant Martí Sapresa
27%
Cabó
27%
Cabrera d'Anoia
27%
Callús
27%
Cànoves i Samalús
27%
Cardedeu
27%
Castell d’Aro, Platja d’Aro i s’Agaró
27%
Castellví de la Marca
27%
Centelles
27%
Corbera de Llobregat
27%
El Bruc
27%
Esparreguera
27%
Espinelves
27%
Foixà
27%
Garriguella
27%
Gombrèn
27%
Guixers
27%
Josa i Tuixén
27%
La Baronia de Rialb
27%
La Pobla de Cérvoles
27%
La Pobla de Claramunt
27%
La Pobla de Massaluca
27%
Montferri
27%
Olesa de Bonesvalls
27%
Olesa de Montserrat
27%
Olost
27%
Òrrius
27%
Paüls
27%
Ponts
27%
Premià de Dalt
27%
Riba-roja d'Ebre
27%
Rupit i Pruit
27%
Santa Susanna
27%
Sant Feliu de Guíxols
27%
Sant Guim de la Plana
27%
Sant Joan Despí
27%
Sant Julià de Vilatorta
27%
Sant Martí Sarroca
27%
Santpedor
27%
Sobremunt
27%
Tavèrnoles
27%
Tiurana
27%
Torrelles de Foix
27%
Vilanova de Meià
27%
Vinyols i els Arcs
27%
Algerri
23%
Arenys de Munt
23%
Balenyà
23%
Benifallet
23%
Borredà
23%
Cabanelles
23%
Campins
23%
Canet de Mar
23%
Castellserà
23%
Colldejou
23%
Darnius
23%
El Papiol
23%
El Pla del Penedès
23%
Guissona
23%
Hostalric
23%
La Bisbal de Falset
23%
L'Ametlla del Vallès
23%
La Pera
23%
L'Armentera
23%
La Vajol
23%
Llobera
23%
Llorenç del Penedès
23%
Maçanet de Cabrenys
23%
Maials
23%
Mollet de Peralada
23%
Monistrol de Montserrat
23%
Oliana
23%
Organyà
23%
Palamós
23%
Palau-solità i Plegamans
23%
Pallejà
23%
Perafort
23%
Peramola
23%
Pontós
23%
Premià de Mar
23%
Roda de Ter
23%
Santa Coloma de Cervelló
23%
Santa Fe del Penedès
23%
Sant Agustí de Lluçanès
23%
Santa Llogaia d'Àlguema
23%
Santa Maria de Miralles
23%
Sant Ferriol
23%
Sant Sadurní d'Osormort
23%
Sant Vicenç dels Horts
23%
Siurana
23%
Tavertet
23%
Teià
23%
Tona
23%
Torà
23%
Vallbona d'Anoia
23%
Vall-llobrega
23%
Vallromanes
23%
Ventalló
23%
Vilallonga del Camp
23%
Vilamalla
23%
Vilanova de Prades
23%
Vila-rodona
23%
Vilassar de Mar
23%
Xerta
23%
Albons
19%
Arenys de Mar
19%
Arnes
19%
Bàscara
19%
Bordils
19%
Breda
19%
Calella
19%
Campllong
19%
Capçanes
19%
Carme
19%
Castellfollit del Boix
19%
Collbató
19%
Cornudella de Montsant
19%
Creixell
19%
El Pont d'Armentera
19%
El Pont de Bar
19%
Els Guiamets
19%
El Vilosell
19%
Figaró-Montmany
19%
Flaçà
19%
Ginestar
19%
Gualta
19%
Ivars de Noguera
19%
Ivars d'Urgell
19%
Juncosa
19%
La Garriga
19%
La Granadella
19%
La Molsosa
19%
La Palma d'Ebre
19%
La Pobla de Lillet
19%
La Pobla de Montornès
19%
La Torre de Claramunt
19%
Llambilles
19%
Llardecans
19%
Lluçà
19%
Madremanya
19%
Masquefa
19%
Mediona
19%
Orís
19%
Pontons
19%
Puigdàlber
19%
Puig-reig
19%
Puigverd de Lleida
19%
Querol
19%
Rasquera
19%
Riudellots de la Selva
19%
Riumors
19%
Santa Cecília de Voltregà
19%
Santa Eulàlia de Ronçana
19%
Santa Maria de Martorelles
19%
Sant Joan de Mollet
19%
Sant Llorenç de la Muga
19%
Sant Llorenç Savall
19%
Sant Martí de Centelles
19%
Sant Martí Vell
19%
Sant Pol de Mar
19%
Sant Vicenç de Montalt
19%
Sarral
19%
Sora
19%
Soses
19%
Torrelles de Llobregat
19%
Torres de Segre
19%
Torroella de Fluvià
19%
Ullà
19%
Vallcebre
19%
Vallclara
19%
Viladamat
19%
Vilalba Sasserra
19%
Vilamaniscle
19%
Aiguaviva
15%
Albanyà
15%
Alfarràs
15%
Alguaire
15%
Almenar
15%
Anglès
15%
Arsèguel
15%
Bellvís
15%
Biosca
15%
Bovera
15%
Cabacés
15%
Cabra del Camp
15%
Casserres
15%
Castellar de la Ribera
15%
Castellfollit de Riubregós
15%
Cava
15%
Cervià de Ter
15%
El Morell
15%
El Rourell
15%
Esponellà
15%
Fígols
15%
Font-rubí
15%
Gironella
15%
Gósol
15%
La Coma i la Pedra
15%
L'Albagés
15%
L'Albiol
15%
La Morera de Montsant
15%
La Palma de Cervelló
15%
La Vansa i Fórnols
15%
L'Espunyola
15%
Llimiana
15%
Martorelles
15%
Masarac
15%
Mollet del Vallès
15%
Montesquiu
15%
Navata
15%
Orpí
15%
Palol de Revardit
15%
Parlavà
15%
Pinell de Solsonès
15%
Pontils
15%
Riudecanyes
15%
Sanaüja
15%
Santa Maria de Merlès
15%
Sant Andreu Salou
15%
Sant Esteve de Palautordera
15%
Sant Jordi Desvalls
15%
Sant Vicenç de Torelló
15%
Seròs
15%
Solivella
15%
Talamanca
15%
Torredembarra
15%
Ulldemolins
15%
Viladasens
15%
Vilamacolum
15%
Vilanova de Sau
15%
Vilopriu
15%
Abella de la Conca
12%
Albesa
12%
Alòs de Balaguer
12%
Bellprat
12%
Bellpuig
12%
Benavent de Segrià
12%
Besalú
12%
Bigues i Riells del Fai
12%
Camós
12%
Canet d'Adri
12%
Capafonts
12%
Capellades
12%
Castell de l'Areny
12%
Colomers
12%
Conesa
12%
El Cogul
12%
Forès
12%
Fulleda
12%
Gallifa
12%
La Febró
12%
La Granja d'Escarp
12%
La Nou de Berguedà
12%
La Quar
12%
L'Arboç
12%
La Secuita
12%
La Tallada d'Empordà
12%
Les Piles
12%
L'Espluga Calba
12%
Les Valls d'Aguilar
12%
Marganell
12%
Massalcoreig
12%
Ordis
12%
Palau de Santa Eulàlia
12%
Penelles
12%
Prades
12%
Rellinars
12%
Ripollet
12%
Rosselló
12%
Rubió
12%
Rupià
12%
Sagàs
12%
Sales de Llierca
12%
Santa Coloma de Queralt
12%
Sant Feliu de Pallerols
12%
Sant Guim de Freixenet
12%
Sant Jaume de Frontanyà
12%
Sant Jaume de Llierca
12%
Sant Julià de Cerdanyola
12%
Sant Llorenç de Morunys
12%
Sant Martí de Tous
12%
Senan
12%
Torroja del Priorat
12%
Veciana
12%
Vilabella
12%
Vilanova de Bellpuig
12%
Vilanova de l'Aguda
12%
Vilanova d'Escornalbou
12%
Vilanova de Segrià
12%
Aitona
8%
Alforja
8%
Almatret
8%
Argençola
8%
Avinyonet de Puigventós
8%
Belianes
8%
Botarell
8%
Cabanabona
8%
Caldes de Montbui
8%
Castellbell i el Vilar
8%
Castellfollit de la Roca
8%
Castellnou de Seana
8%
Copons
8%
Crespià
8%
El Poal
8%
Els Omellons
8%
Els Omells de na Gaia
8%
Granera
8%
Ivorra
8%
Jafre
8%
La Llagosta
8%
La Nou de Gaià
8%
La Pobla de Mafumet
8%
La Portella
8%
La Vilella Alta
8%
La Vilella Baixa
8%
Les Borges del Camp
8%
Linyola
8%
Llorac
8%
Maià de Montcal
8%
Mieres
8%
Montclar
8%
Nulles
8%
Renau
8%
Rocafort de Queralt
8%
Salomó
8%
Sant Feliu de Codines
8%
Sant Miquel de Campmajor
8%
Sant Pere de Riudebitlles
8%
Sant Quirze de Besora
8%
Saus, Camallera i Llampaies
8%
Savallà del Comtat
8%
Serra de Daró
8%
Sidamon
8%
Talavera
8%
Tarrés
8%
Terrades
8%
Torrelameu
8%
Ultramort
8%
Vallbona de les Monges
8%
Verges
8%
Vilanova de la Barca
8%
Vilaplana
8%
Vilaür
8%
Vilobí del Penedès
8%
Aguilar de Segarra
4%
Arbolí
4%
Argelaguer
4%
Bellmunt d'Urgell
4%
Biure
4%
Boadella i les Escaules
4%
Bràfim
4%
Cistella
4%
Duesaigües
4%
El Lloar
4%
El Molar
4%
Els Garidells
4%
El Soleràs
4%
Els Torms
4%
Garrigoles
4%
L'Argentera
4%
La Torre de l'Espanyol
4%
Lladó
4%
Maldà
4%
Maspujols
4%
Miravet
4%
Montgai
4%
Passanant i Belltall
4%
Poboleda
4%
Pont de Molins
4%
Preixana
4%
Riudecols
4%
Sant Feliu Sasserra
4%
Sant Miquel de Fluvià
4%
Sant Mori
4%
Sant Quintí de Mediona
4%
Sarroca de Lleida
4%
Serinyà
4%
Sunyer
4%
Torrebesses
4%
Tortellà
4%
Vallfogona de Riucorb
4%
Vespella de Gaià
4%
Vilada
4%
Alcanó
0%
Caldes d'Estrac
0%
Ciutadilla
0%
Granyena de les Garrigues
0%
Guimerà
0%
La Figuera
0%
La Torre de Fontaubella
0%
Montmaneu
0%
Montornès de Segarra
0%
Nalec
0%
Sant Hipòlit de Voltregà
0%
Sant Martí de Riucorb
0%
Sant Quirze Safaja
0%
Vilanant
0%
No matching quizzes found
Score Distribution
Percent of People with Each Score
Percentile by Number Answered
Your Score History
You have not taken this quiz